Three Biggest Cities in Each State of Mexico on a Map - Statistics

General Stats
  • This quiz has been taken 125 times
  • The average score is 41 of 96
Answers on the Map
Answers color-coded by a green-red scale on the quiz's map according to % correct below.
 
Answer Stats
State Rank Population City % Correct
1 8,843,706 Mexico City
95%
1 1,810,645 Tijuana
95%
1 888,797 Cancún
93%
1 1,385,621 Guadalajara
92%
1 1,142,952 Monterrey
92%
2 925,762 Chihuahua
89%
1 1,501,551 Ciudad Juárez
87%
1 1,542,232 Puebla
87%
2 854,186 Mexicali
86%
1 1,579,803 León
85%
1 921,771 Mérida
83%
1 258,913 Oaxaca de Juárez
83%
1 863,893 Aguascalientes
81%
1 845,941 San Luis Potosí
81%
1 537,963 Veracruz
78%
1 616,068 Durango
76%
1 855,563 Hermosillo
76%
1 794,789 Querétaro
75%
3 136,285 San José del Cabo
75%
1 658,609 Acapulco
74%
2 202,694 Cabo San Lucas
69%
3 146,965 Colima
68%
1 808,416 Culiacán
67%
1 250,141 La Paz
67%
1 1,643,623 Ecatepec de Morelos
66%
3 138,444 Zacatecas
62%
1 691,557 Reynosa
61%
1 864,431 Saltillo
60%
3 416,055 Nuevo Laredo
59%
1 743,275 Morelia
58%
2 690,193 Torreón
58%
1 578,830 Tuxtla Gutiérrez
57%
1 341,029 Cuernavaca
52%
2 443,063 Xalapa-Enríquez
52%
2 510,739 Matamoros
51%
2 441,975 Mazatlán
51%
1 340,060 Villahermosa
51%
2 1,257,547 Zapopan
49%
3 330,652 Ensenada
48%
3 261,137 Nogales
47%
1 371,387 Tepic
46%
2 304,942 Playa del Carmen
45%
3 169,028 Chetumal
44%
3 298,009 Los Mochis
43%
2 635,862 Guadalupe
42%
1 170,029 Guadalupe
42%
2 1,072,676 Nezahualcóyotl
42%
1 297,848 Pachuca de Soto
41%
2 329,404 Ciudad Obregón
40%
2 191,238 Ciudad del Carmen
39%
3 183,509 San Cristóbal de las Casas
38%
2 225,728 Chilpancingo de los Bravo
36%
1 159,853 Manzanillo
35%
3 911,168 Naucalpan de Juárez
32%
2 217,550 Tapachula de Córdova y Ordóñez
31%
3 212,540 Coatzacoalcos
29%
3 237,169 Monclova
29%
2 299,523 Uruapan del Progeso
28%
3 378,143 Celaya
27%
3 650,123 Tlaquepaque
27%
3 154,546 Zamora de Hidalgo
27%
2 452,090 Irapuato
26%
2 103,609 San Juan Bautista Tuxtepec
26%
2 177,719 San Juan del Río
26%
1 249,623 San Francisco de Campeche
25%
3 536,436 Ciudad Apodaca
24%
2 301,742 Gómez Palacio
24%
3 56,494 Valladolid
24%
2 143,281 Fresnillo
23%
2 293,825 Tehuacán
22%
3 135,586 Cuauhtémoc
18%
3 157,336 Cuautla de Morelos
18%
2 174,629 Jiutepec
18%
3 102,260 Cholula de Rivadavia
17%
2 310,192 Soledad de Graciano Sánchez
17%
3 136,351 Ciudad Valles
14%
2 59,871 Huamantla
14%
3 132,854 Iguala de la Independencia
14%
2 139,753 Kanasín
14%
2 147,496 Villa de Álvarez
14%
3 96,243 Lerdo
13%
2 106,163 Tulancingo de Bravo
13%
2 48,170 Xalisco
13%
3 35,799 Champotón
11%
2 63,805 Jesús María
11%
3 88,280 Juchitán de Zaragoza
11%
2 80,454 Cárdenas
9%
3 43,035 Comalcalco
9%
3 115,264 El Pueblito
9%
3 32,035 Pabellón de Arteaga
8%
3 53,373 Chiautempan
7%
3 60,265 Tizayuca
7%
2 41,087 San Miguel Topilejo
5%
3 37,282 San Miguel Ajusco
4%
3 38,666 San Vincente
3%
1 70,224 Villa Vincente Guerrero
1%
No matching quizzes found
Score Distribution
Percent of People with Each Score
Percentile by Number Answered
Your Score History
You have not taken this quiz